LEADER 00836nam a2200205 i 4500 001 000000087935 003 CaOOAMICUS 005 20180830150026.0 008 180830s1967 xx u000 u und u 013 $a60175 040 $aSeMil$bita 100 1 $aSelvaggi, Filippo,$c.$0(OLS)http://semarc/name/33546 245 10$aComplementa cosmologiae seu "De mundi visione". 260 $aLuogo non identificato :$bUniversità Gregoriana,$c1967. 300 $a51 p. 650 4$aCosmologia.$0(OLS)http://semarc/subject/1855 850 $aSeMil 852 $aSeMil$W1$xVenegono$y1$m114 14 6 *$j51338$B51338$CSeMilBibl$Z2$F55534 $81 996 $6245$aComplementa cosmologiae seu "De mundi visione"$9(OLS)http://semarc/title/133923 996 $6260$aLuogo non identificato :$bUniversità Gregoriana$9(OLS)http://semarc/publisher/43504 LEADER 01194nam a2200253 i 4500 001 000000090959 003 CaOOAMICUS 005 20151124000000.0 008 151124s1857 it u000 u ita u 013 $a63201 040 $aSeMil$bita 100 1 $aBiraghi, Luigi,$c.$0(OLS)http://semarc/name/4214 245 10$aAntiche iscrizioni cristiane di recente scoperte nella Basilica di San Celso a Milano /$cLuigi Biraghi. 260 $aMilano :$bEstratto dalla Gazzetta Ufficiale,$c1857. 300 $a14 p. ;$c16 cm. 500 $aNome dell'A. in fine. 650 4$aIscrizioni - Milano .$0(OLS)http://semarc/subject/15283 650 4$aMilano - Chiese - Santi Nazaro e Celso.$0(OLS)http://semarc/subject/45777 650 4$aIscrizioni cristiane.$0(OLS)http://semarc/subject/16622 773 0 $t[L. Biraghi.$w()32840 850 $aSeMil 852 $aSeMil$W1$xVenegono$y1$m3J VII 1/4 FA$j53920$B53920$CSeMilBibl$Z2$F58560 $8I 996 $6245$aAntiche iscrizioni cristiane di recente scoperte nella Basilica di San Celso a Milano$9(OLS)http://semarc/title/137029 996 $6260$aMilano :$bEstratto dalla Gazzetta Ufficiale$9(OLS)http://semarc/publisher/43719